Pictured Anagram Pairs IV Quiz Stats

 Plays Quiz Updated Jan 24, 2016

Challenge
Share
Tweet
Score 0/18 Timer 05:00
2 Plays Today
% Correct
Diary-Dairy
96.4%
Lemons-Melons
94.6%
Urn-Run
94.3%
Steak-Stake
93.3%
Glue-Luge
90.5%
Save-Vase
88.4%
Life-File
88.1%
Sword-Words
86.8%
Cars-Scar
86.5%
% Correct
Deer-Reed
85.9%
Skid-Disk
84.6%
Frat-Raft
83%
Teacher-Cheater
81.8%
Satin-Stain
68.3%
Tablet-Battle
62.5%
Knots-Tonks
50.2%
Kahn-Hank
27.9%
Tern-Rent
27.2%

You're not logged in!

Compare scores with friends on all Sporcle quizzes.
Join for Free
OR
Log In

You Might Also Like...

Show Comments

Extras

Top Quizzes Today


Score Distribution

Your Account Isn't Verified!

In order to create a playlist on Sporcle, you need to verify the email address you used during registration. Go to your Sporcle Settings to finish the process.

Report this User

Report this user for behavior that violates our Community Guidelines.

Details: